000 00655nam a2200217 i 4500
001 C2-0242158
003 PPAK
005 20180727204239.0
008 020915s1972 my |||| ||||| | may d
040 _aPPAK
_beng
_cPPAK
_erda
082 0 4 _a499.23082
_223
090 0 0 _a499.23082
_bPAN
_dKAM
245 0 0 _aPanduan kertas jawapan peperiksaan Bahasa Malaysia Kertas II STP
264 1 _aKuala Lumpur :
_bInstitut Malaysia Sdn. Bhd. ,
_c1972
300 _a[100 pages] ;
_c25 cm
336 _2rdacontent
_atext
337 _2rdamedia
_aunmediated
338 _2rdacarrier
_avolume
650 1 0 _aMalay language - Problems, Exercises, etc.
942 _ddc
_cB
999 _c56958
_d56958